000 00376nam a2200145Ia 4500
008 220216s9999 xx 000 0 und d
245 0 _aIncreased nitrogen manuring for avoiding oidium SLF
260 _bPlanters Bulletin
_c1976
300 _a120-124
650 _aHevea
650 _aManuring
650 _aNitrogen manuring
650 _aOidium leaf disease
942 _cJS
999 _c61010
_d61010